| 000 | 004660000a22001810004500 | ||
|---|---|---|---|
| 003 | MACL | ||
| 005 | 20151011161059.0 | ||
| 008 | 151011b xxu||||| |||| 00| 0 eng d | ||
| 040 |
_aMACL _cMACL |
||
| 041 | _aEnglish | ||
| 082 | _a920/CHA | ||
| 100 |
_aChandavarkar, G L _914430 |
||
| 245 |
_aDhondo Keshav karve _bBuilders of Modern India |
||
| 260 |
_bPublicaton Division _c1970 _aFaridabad |
||
| 350 | _a6.50 | ||
| 650 |
_aBiography _914431 |
||
| 942 |
_cBK _k920 _2ddc |
||
| 999 |
_c7421 _d7421 |
||